000 00444nab a22001097u 4500
008 130520b2012 xxu||||| |||| 00| 0 spa d
041 _aspa
100 1 _aPablos, Juan de
_985555
245 0 0 _aIdentidad y transformación. La adecuación litúrgica de las Iglesias. X Congreso Litúrgico Internacional (Bose, 31 de mayo - 2 de junio de 2012)
_cJuan de Pablos
773 0 _tPhase
_gV.52, nº310,2012,págs. 382-383
_x0210-3877
_wRev324
942 _cAR
999 _c420987
_d420987